Against the avant-garde : Pier Paolo Pasolini, contemporary art, and neocapitalism /

Recognized in America chiefly for his films, Pier Paolo Pasolini (1922-1975) in fact reinvented interdisciplinarity in post-war Europe. Pasolini self-confessedly approached the cinematic image through painting, and the numerous allusions to early modern frescoes and altarpieces in his films have bee...

Whakaahuatanga katoa

I tiakina i:
Ngā taipitopito rārangi puna kōrero
Kaituhi matua: Merjian, Ara H. (Author)
Hōputu: Pukapuka
Reo:Ingarihi
I whakaputaina: Chicago: The University of Chicago, 2020
Ngā Tūtohu: Tāpirihia he Tūtohu
Kāore He Tūtohu, Me noho koe te mea tuatahi ki te tūtohu i tēnei pūkete!

MARC

LEADER 00000nam a22000007i 4500
001 IT\ICCU\UBO\4524032
003 ItRI
005 20260115232000.0
008 210504s2020 xxu|||||| ||||| |||||c
020 |a 9780226655277 
040 |b ita  |c importazione bologna sebina 
041 7 |a eng  |2 ISO-639-2 
100 1 |a Merjian, Ara H.  |0 IT\ICCU\UBOV\408098  |4 aut 
240 1 0 |a Against the avant-garde  |3 IT\ICCU\UBO\4524035  |9 Merjian, Ara H. 
245 1 0 |a Against the avant-garde :  |b Pier Paolo Pasolini, contemporary art, and neocapitalism /  |c Ara H. Merjian. 
260 |a Chicago: The University of Chicago,  |c 2020 
300 |a 274 p. :  |b ill. ;  |c 26 cm 
520 |a Recognized in America chiefly for his films, Pier Paolo Pasolini (1922-1975) in fact reinvented interdisciplinarity in post-war Europe. Pasolini self-confessedly approached the cinematic image through painting, and the numerous allusions to early modern frescoes and altarpieces in his films have been extensively documented. Far less understood, however, is Pasolini's fraught relationship to the aesthetic experiments of his own age. In Against the Avant-Garde, Ara H. Merjian demonstrates how Pasolini's campaign against neocapitalist culture fueled his hostility to the avant-garde. An atheist indebted to Catholic ritual; a revolutionary Communist inimical to the creed of 1968; a homosexual hostile to the project of gay liberation: Pasolini refused the politics of identity in favor of a scandalously paradoxical practice, one vital to any understanding of his legacy. Against the Avant-Garde examines these paradoxes through case studies from the 1960s and 70s, concluding with a reflection on Pasolini's far-reaching influence on post-1970s art. Merjian not only reconsiders the multifaceted work of Italy's most prominent post-war intellectual, but also the fraught politics of a European neo-avant-garde grappling with a new capitalist hegemony. 
752 |a xxu  |d Chicago 
942 |2 ddc  |c BK  |n 0 
952 |0 0  |1 0  |4 0  |6 DOC_791_430000000000000_MER  |7 0  |9 18459  |a BO  |b BO  |d 2026-01-15  |i 19623  |l 0  |o DOC 791.430 MER  |p BO19623  |r 2026-01-15 23:20:00  |w 2026-01-15  |x [Sebina 7] [1 v.]  |y BK  |z 1 v. 
999 |c 15623  |d 15623